Kraje graniczące z Brazylią - Statystyki

Ogólne statystyki
  • Ten quiz został rozwiązany 18 razy
  • Średni wynik to 9 z 10
Statystyki odpowiedzi
Odpowiedź % Poprawnych
Argentyna
100%
Boliwia
100%
Kolumbia
100%
Paragwaj
100%
Peru
100%
Urugwaj
100%
Gujana
93%
Wenezuela
93%
Surinam
87%
Francja
67%
Nie znaleziono quizów pasujących do podanych kryteriów
Rozkład punktacji
Procent ludzi z każdym wynikiem
Percentyl według liczby udzielonych odpowiedzi
Twoja historia wyników
Nie rozwiązałeś tego quizu